000 00757nam a2200205 a 4500
001 000040698
005 20201002034319.0
008 130905s2007 dr r 000 0 spa d
020 _a9789945443073
040 _aDO-SdBNP
_bspa
_cBNPHU
082 _axxxx
_bxxxx
100 1 _aFuentes Brito, Frank
_967069
245 1 3 _aDinámica del pass-through de tipo de cambio en economías pequeñas y abiertas :
_bel caso de República Dominicana /
_cFrank Fuentes Brito, Omar Mendoza Lugo.
260 _aSanto Domingo :
_bBanco Central de la República Dominicana,
_c2007.
300 _a58 p. ;
_c28 cm.
490 1 _aEstudios económicos
_v1
504 _aBibliografía : p. 43-46
700 1 _aMendoza Lugo, Omar
_967070
830 0 _aEstudios económicos
_n1
_967071
999 _c40188
_d40188